00997nam a22002417a 4500999001700000003000900017008004100026040007100067082001500138100002200153245007000175260004200245300002600287440003000313505013700343650003900480650003800519650002100557700004500578942001600623945002100639952009500660 c19234d19234AR-CdUCM190516b ||||| |||| 00| 0 spa d aMUNICIPALIDAD PROVINCIAL DEL CUSCOcBIBLIOTECA MUNICIPAL DEL CUSCO a780 /bL21 aLambert, Constant aMusica a la vista :bestudio de la música en su declinación / aBuenos Aires :bUniversitaria,c1963. a335 paginas ;c19 cm. aLectores de Eudeba938121 aContenido : Los innovadores de preguerra -- Pasticheurs de posguerra -- El nacionalismo y lo exótico -- El estimulo mecánico ... aSituación revolucionaria 940454 aPopularidad de la música938122 aCompositor95237 aBerdichevsky, Dora (Traducción)938125 2ddccLIBROS awntsd2019-05-16 002ddc4070aSAbSAcCARTd2019-05-16g30.00o780 / L21pSA0000000540r2019-05-16yLIBROS